000 00690nam a2200169Ia 4500
008 090711s9999 xx 000 0 und d
082 _b233
100 _aसहस्त्रबुद्धे जयंती वि.
245 _aबाळ-बाळंतिणीSो आहार
260 _b"शारदा प्रकाशन,जळगांव."
300 _a51
600 _aसहस्त्रबुद्धे जयंती वि.
630 _aबाळ-बाळंतिणीSो आहार
700 _aसहस्त्रबुद्धे जयंती वि.
730 _aबाळ-बाळंतिणीSो आहार
942 _cBOOK
999 _c323704
_d323704